[Event "EU-chT 24th"]
[Site "Budva"]
[Date "2023.11.19"]
[Round "8.19"]
[White "Ashiku, Franc"]
[Black "Mitchell, Martin"]
[Result "1-0"]
[WhiteElo "2396"]
[BlackElo "2186"]
[PlyCount "67"]
[EventDate "2023.11.11"]
[EventType "team-swiss"]
[EventRounds "9"]
[EventCountry "MNE"]
[SourceTitle "CB47_2023"]
[SourceDate "2023.11.22"]
[SourceVersion "1"]
[SourceVersionDate "2023.11.22"]
[SourceQuality "1"]
[WhiteTeam "Albania"]
[BlackTeam "Scotland"]
[WhiteTeamCountry "ALB"]
[BlackTeamCountry "SCO"]

1. d4 Nf6 2. c4 e6 3. g3 c5 4. d5 exd5 5. cxd5 d6 6. Nc3 g6 7. Nf3 Bg7 8. Bg2 0-0 9. 0-0 Re8 10. Bf4 Bf5 11. Nh4 Bg4 12. Qd2 b5 13. Nxb5 Rxe2 14. Qc1 Nh5 15. Bxd6 Rxb2 16. Bc7 Qd7 17. d6 Rxb5 18. Rb1 Rxb1 19. Qxb1 Na6 20. Bxa8 Nxc7 21. dxc7 Qxc7 22. Qb7 Qxb7 23. Bxb7 Be6 24. a4 c4 25. Rb1 c3 26. Be4 Bd4 27. a5 Nf6 28. Nf3 Bc5 29. Ng5 Bd7 30. Bc2 Nd5 31. Ne4 Be7 32. Nxc3 Nxc3 33. Rb7 Ne2+ 34. Kf1 1-0

[Event "Scarborough op"]
[Site "Scarborough"]
[Date "2023.10.29"]
[Round "4"]
[White "Dilleigh, Stephen P"]
[Black "Mitchell, Martin"]
[Result "1/2-1/2"]
[WhiteElo "2031"]
[BlackElo "2186"]
[PlyCount "70"]
[EventDate "2023.10.27"]
[EventType "swiss"]
[EventRounds "5"]
[EventCountry "ENG"]
[SourceTitle "Mega2024 Update 01"]
[Source "Chessbase"]
[SourceDate "2023.11.12"]
[SourceVersion "1"]
[SourceVersionDate "2023.11.12"]
[SourceQuality "1"]

1. Nf3 Nf6 2. c4 e6 3. Nc3 Bb4 4. Qc2 0-0 5. a3 Bxc3 6. Qxc3 d5 7. e3 b6 8. b4 c5 9. Bb2 Ba6 10. d3 Nbd7 11. Be2 Rc8 12. b5 Bb7 13. 0-0 Re8 14. Ne5 dxc4 15. Nxd7 Qxd7 16. dxc4 e5 17. Rad1 Qe6 18. f3 Rc7 19. Rd2 Rd7 20. Rfd1 Ree7 21. Rxd7 Nxd7 22. a4 f6 23. a5 bxa5 24. Qxa5 Nb6 25. Qa2 Nc8 26. Ba3 Rc7 27. Rd8+ Kf7 28. Qd2 Nb6 29. Rd6 Nxc4 30. Rxe6 Nxd2 31. Rd6 Nb1 32. Bb2 c4 33. Rd1 c3 34. Rxb1 cxb2 35. Rxb2 Bd5 1/2-1/2

[Event "Scarborough op"]
[Site "Scarborough"]
[Date "2023.10.29"]
[Round "5"]
[White "Mitchell, Martin"]
[Black "Dossett, Christopher S"]
[Result "1-0"]
[WhiteElo "2186"]
[BlackElo "1925"]
[PlyCount "83"]
[EventDate "2023.10.27"]
[EventType "swiss"]
[EventRounds "5"]
[EventCountry "ENG"]
[SourceTitle "Mega2024 Update 01"]
[Source "Chessbase"]
[SourceDate "2023.11.12"]
[SourceVersion "1"]
[SourceVersionDate "2023.11.12"]
[SourceQuality "1"]

1. d4 Nf6 2. Nf3 c5 3. d5 e6 4. c4 exd5 5. cxd5 d6 6. Nc3 Be7 7. e4 Nbd7 8. Be2 0-0 9. 0-0 Re8 10. a4 Bf8 11. Nd2 Ne5 12. f4 Neg4 13. Nc4 Nxh2 14. Kxh2 Nxe4 15. Nxe4 Qh4+ 16. Kg1 Rxe4 17. Be3 Bg4 18. Bxg4 Rxc4 19. Bf3 Re8 20. Qd2 g6 21. Rfe1 Bh6 22. Qf2 Qxf2+ 23. Kxf2 Bxf4 24. Bxf4 Rxe1 25. Rxe1 Rxf4 26. Re8+ Kg7 27. Rd8 Rxa4 28. Rxd6 Rb4 29. Rd7 Rxb2+ 30. Ke3 Kf6 31. Rc7 b6 32. d6 Rb3+ 33. Ke4 Ke6 34. d7 g5 35. d8N+ Kd6 36. Rxa7 b5 37. Nxf7+ Kc6 38. Nxg5 c4 39. Rxh7 Kc5 40. Ne6+ Kb4 41. Nd4 Rb1 42. Rb7 1-0

[Event "Scarborough op"]
[Site "Scarborough"]
[Date "2023.10.28"]
[Round "3"]
[White "Mitchell, Martin"]
[Black "Dasgupta, Avyukt"]
[Result "1/2-1/2"]
[WhiteElo "2186"]
[BlackElo "1977"]
[PlyCount "49"]
[EventDate "2023.10.27"]
[EventType "swiss"]
[EventRounds "5"]
[EventCountry "ENG"]
[SourceTitle "Mega2024 Update 01"]
[Source "Chessbase"]
[SourceDate "2023.11.12"]
[SourceVersion "1"]
[SourceVersionDate "2023.11.12"]
[SourceQuality "1"]

1. d4 d5 2. Nf3 Nf6 3. Bf4 Bf5 4. c4 c6 5. Qb3 Qb6 6. c5 Qxb3 7. axb3 Bxb1 8. Rxb1 Nbd7 9. h3 g6 10. e3 Bg7 11. b4 a6 12. Bd3 0-0 13. 0-0 Rfe8 14. Bh2 Rad8 15. Rfd1 Ne4 16. Bxe4 dxe4 17. Nd2 f5 18. Nc4 Nf6 19. Ra1 Nd5 20. Ra4 g5 21. Be5 Rf8 22. Bxg7 Kxg7 23. Re1 Rf6 24. Ne5 h5 25. Ra3 1/2-1/2

[Event "EU-chT Seniors 50"]
[Site "Swidnica"]
[Date "2023.07.17"]
[Round "6.1"]
[White "Arkell, Keith C"]
[Black "Mitchell, Martin"]
[Result "0-1"]
[WhiteElo "2392"]
[BlackElo "2168"]
[PlyCount "104"]
[EventDate "2023.07.12"]
[EventType "team-tourn"]
[EventRounds "9"]
[EventCountry "POL"]
[SourceTitle "CBM 215 Extra"]
[Source "ChessBase"]
[SourceDate "2023.09.30"]
[SourceVersion "1"]
[SourceVersionDate "2023.09.30"]
[SourceQuality "1"]
[WhiteTeam "England 50"]
[BlackTeam "Scotland 50"]
[WhiteTeamCountry "ENG"]
[BlackTeamCountry "POL"]

1. d4 Nf6 2. Nf3 e6 3. c4 c5 4. d5 exd5 5. cxd5 d6 6. Nc3 g6 7. Nd2 Nbd7 8. Nc4 Nb6 9. e4 Nxc4 10. Bxc4 Bg7 11. 0-0 0-0 12. Bf4 a6 13. a4 Ng4 14. Qd2 Re8 15. h3 Ne5 16. Be2 f5 17. exf5 Bxf5 18. Bh6 Bh8 19. Be3 Qh4 20. a5 Nc4 21. Bxc4 Qxc4 22. Rfd1 Rad8 23. Ne2 Qc2 24. Qxc2 Bxc2 25. Rd2 Bb3 26. Nf4 Re4 27. Ra3 Ba4 28. b3 Bb5 29. Ne6 Rc8 30. Bf4 Be5 31. Bxe5 Rxe5 32. Ra1 Bd7 33. Nf4 Re4 34. g3 g5 35. Nh5 Kf7 36. g4 Rce8 37. Kg2 Rd4 38. Rxd4 cxd4 39. Rc1 d3 40. Ng3 Re5 41. Kf3 Rxd5 42. Ke3 d2 43. Rd1 Rxa5 44. Ne4 Ra3 45. Nxd2 Be6 46. Rc1 b5 47. Rc7+ Kf6 48. Rc3 a5 49. Kd4 a4 50. Ne4+ Ke7 51. bxa4 Rxa4+ 52. Ke3 d5 0-1

[Event "EU-chT Seniors 50"]
[Site "Swidnica"]
[Date "2023.07.15"]
[Round "4.1"]
[White "Sielicki, Tomasz"]
[Black "Mitchell, Martin"]
[Result "0-1"]
[WhiteElo "1969"]
[BlackElo "2168"]
[PlyCount "72"]
[EventDate "2023.07.12"]
[EventType "team-tourn"]
[EventRounds "9"]
[EventCountry "POL"]
[SourceTitle "CBM 215 Extra"]
[Source "ChessBase"]
[SourceDate "2023.09.30"]
[SourceVersion "1"]
[SourceVersionDate "2023.09.30"]
[SourceQuality "1"]
[WhiteTeam "Poland Amateurs 50"]
[BlackTeam "Scotland 50"]
[WhiteTeamCountry "POL"]
[BlackTeamCountry "POL"]

1. d4 Nf6 2. Bg5 c5 3. d5 Qb6 4. Nc3 d6 5. e4 g6 6. Bb5+ Nbd7 7. a4 Bg7 8. a5 Qc7 9. Nf3 0-0 10. 0-0 a6 11. Be2 b5 12. axb6 Nxb6 13. Ra3 e6 14. dxe6 fxe6 15. Qa1 Bb7 16. Nd2 d5 17. Bxa6 Ng4 18. f4 Bd4+ 19. Kh1 Nf2+ 20. Rxf2 Bxf2 21. Nb5 Qc6 22. Bh6 Bxa6 23. Bxf8 Bxb5 24. Rxa8 Qxa8 25. Qxa8 Nxa8 26. Be7 Be3 27. Nb3 c4 28. Nc5 Bxc5 29. Bxc5 dxe4 30. Kg1 Nc7 31. b3 Nd5 32. bxc4 Bxc4 33. g3 e3 34. Kg2 e2 35. Kf2 Kf7 36. Bd4 Nb4 0-1

[Event "EU-chT Seniors 50"]
[Site "Swidnica"]
[Date "2023.07.13"]
[Round "2.1"]
[White "Mitchell, Martin"]
[Black "Baliuniene, Margarita"]
[Result "1-0"]
[WhiteElo "2168"]
[BlackElo "1910"]
[PlyCount "79"]
[EventDate "2023.07.12"]
[EventType "team-tourn"]
[EventRounds "9"]
[EventCountry "POL"]
[SourceTitle "CBM 215 Extra"]
[Source "ChessBase"]
[SourceDate "2023.09.30"]
[SourceVersion "1"]
[SourceVersionDate "2023.09.30"]
[SourceQuality "1"]
[WhiteTeam "Scotland 50"]
[BlackTeam "Lithuania (Women) 50"]
[WhiteTeamCountry "POL"]
[BlackTeamCountry "LTU"]

1. d4 d5 2. c4 e6 3. Nc3 Nf6 4. Nf3 Be7 5. Bf4 0-0 6. e3 b6 7. Qc2 c5 8. cxd5 cxd4 9. Nxd4 Nxd5 10. Bxb8 Nb4 11. Qb1 Rxb8 12. a3 e5 13. Nf5 Bxf5 14. Qxf5 g6 15. Qe4 a5 16. axb4 Bxb4 17. Be2 Rc8 18. Rc1 Qe7 19. 0-0 Bxc3 20. Rxc3 Rxc3 21. bxc3 Rc8 22. c4 a4 23. f4 a3 24. fxe5 a2 25. e6 f5 26. Qe5 Ra8 27. Bf3 Ra5 28. Bd5 b5 29. c5 b4 30. c6 b3 31. c7 Rc5 32. Bxb3 Rxe5 33. c8Q+ Kg7 34. Qc3 Kf6 35. Bxa2 Qa7 36. Bc4 Qc5 37. Qd4 Qa3 38. e4 h5 39. exf5 gxf5 40. Re1 1-0

[Event "Blackpool op 46th"]
[Site "Blackpool"]
[Date "2023.02.11"]
[Round "3"]
[White "Mitchell, Martin"]
[Black "Ghasi, Ameet K"]
[Result "0-1"]
[WhiteElo "2159"]
[BlackElo "2471"]
[PlyCount "46"]
[EventDate "2023.02.10"]
[EventType "swiss"]
[EventRounds "5"]
[EventCountry "ENG"]
[SourceTitle "EXT 2024"]
[Source "ChessBase"]
[SourceDate "2023.10.10"]
[SourceVersion "1"]
[SourceVersionDate "2023.10.10"]
[SourceQuality "1"]

1. d4 Nf6 2. c4 g6 3. Nc3 Bg7 4. e4 d6 5. Be2 Na6 6. Be3 0-0 7. Nf3 Qe8 8. 0-0 e5 9. Re1 Ng4 10. Bg5 exd4 11. Nd5 f6 12. Bf4 c6 13. Bxd6 cxd5 14. Bxf8 Qxf8 15. cxd5 d3 16. Bxd3 Qc5 17. Qe2 Nb4 18. Bc4 Nxf2 19. d6+ Kh8 20. Qxf2 Qxc4 21. Rac1 Qb5 22. Qd4 Nd3 23. e5 fxe5 0-1

[Event "Scarborough op"]
[Site "Scarborough"]
[Date "2022.10.28"]
[Round "1"]
[White "Hepworth, Peter"]
[Black "Mitchell, Martin"]
[Result "0-1"]
[WhiteElo "1861"]
[BlackElo "2197"]
[PlyCount "96"]
[EventDate "2022.10.28"]
[EventType "swiss"]
[EventRounds "5"]
[EventCountry "ENG"]
[SourceTitle "EXT 2024"]
[Source "ChessBase"]
[SourceDate "2023.10.10"]
[SourceVersion "1"]
[SourceVersionDate "2023.10.10"]
[SourceQuality "1"]

1. d4 Nf6 2. Nf3 e6 3. e3 c5 4. Bd3 b6 5. b3 cxd4 6. exd4 Bb4+ 7. c3 Be7 8. 0-0 0-0 9. Re1 Bb7 10. Bb2 d6 11. Nbd2 Nbd7 12. Rc1 Rc8 13. c4 d5 14. Ne5 dxc4 15. Nxd7 Qxd7 16. bxc4 Rfd8 17. a3 Bc6 18. Re3 b5 19. Nf3 bxc4 20. Bxc4 Bd5 21. Bd3 Rxc1 22. Qxc1 Rc8 23. Qd2 Qb7 24. h3 Bd6 25. Qe2 Rb8 26. Bc1 Bf4 27. Rxe6 Bxc1 28. Re7 Qb6 29. Bc4 Bxa3 30. Bxd5 Bxe7 31. Bc4 Qb1+ 32. Kh2 Qe4 33. Bxf7+ Kf8 34. Qxe4 Nxe4 35. Ne5 Bd6 36. Bc4 Bxe5+ 37. dxe5 Nxf2 38. g4 Rb4 39. Ba2 Nd3 40. Kg3 Nxe5 41. Bd5 a5 42. Kh4 a4 43. Kh5 a3 44. h4 Ng6 45. Be6 Nf4+ 46. Kg5 Nxe6+ 47. Kh5 Kg8 48. g5 g6+ 0-1

[Event "BCF-chTa 1920 (4NCL)"]
[Site "Daventry"]
[Date "2020.02.09"]
[Round "6.44"]
[White "Mitchell, Martin"]
[Black "Quinn, John M"]
[Result "1/2-1/2"]
[WhiteElo "2207"]
[BlackElo "2139"]
[PlyCount "70"]
[EventDate "2019.11.09"]
[EventType "team-tourn"]
[EventRounds "11"]
[EventCountry "ENG"]
[SourceTitle "CBM 194 Extra"]
[Source "ChessBase"]
[SourceDate "2020.03.31"]
[SourceVersion "1"]
[SourceVersionDate "2020.03.31"]
[SourceQuality "1"]
[WhiteTeam "Spirit of Atticus"]
[BlackTeam "Celtic Tigers"]
[WhiteTeamCountry "ENG"]
[BlackTeamCountry "ENG"]

1. d4 Nf6 2. c4 g6 3. Nc3 Bg7 4. e4 d6 5. Be2 0-0 6. Be3 Na6 7. g4 c5 8. d5 e6 9. g5 Ne8 10. Qd2 exd5 11. cxd5 Bd7 12. h4 Rb8 13. h5 b5 14. f4 f5 15. hxg6 hxg6 16. Bf3 b4 17. Nd1 Qe7 18. Qh2 Kf7 19. Qg2 Nec7 20. Ne2 Rh8 21. Ng3 Rxh1+ 22. Qxh1 Rh8 23. Qg2 Nb5 24. exf5 gxf5 25. Be2 Nac7 26. Nh5 Bd4 27. Kd2 Kg6 28. Nf6 Bxf6 29. gxf6+ Kxf6 30. Nf2 Qg7 31. Qxg7+ Kxg7 32. Bc4 Ne8 33. a4 Nbc7 34. Rg1+ Kf6 35. b3 Rh2 1/2-1/2

[Event "BCF-chTa 1920 (4NCL)"]
[Site "Daventry"]
[Date "2020.01.11"]
[Round "3.44"]
[White "Camacho Collados, Jose"]
[Black "Mitchell, Martin"]
[Result "1-0"]
[WhiteElo "2419"]
[BlackElo "2207"]
[PlyCount "47"]
[EventDate "2019.11.09"]
[EventType "team-tourn"]
[EventRounds "11"]
[EventCountry "ENG"]
[SourceTitle "CBM 194 Extra"]
[Source "ChessBase"]
[SourceDate "2020.03.31"]
[SourceVersion "1"]
[SourceVersionDate "2020.03.31"]
[SourceQuality "1"]
[WhiteTeam "White Rose"]
[BlackTeam "Spirit of Atticus"]
[WhiteTeamCountry "ENG"]
[BlackTeamCountry "ENG"]

1. e4 d6 2. d4 Nf6 3. Nc3 g6 4. Nf3 Bg7 5. h3 0-0 6. Be3 c6 7. a4 Qc7 8. Be2 e5 9. dxe5 dxe5 10. 0-0 Rd8 11. Qb1 Nbd7 12. Rd1 Re8 13. a5 Bf8 14. b4 c5 15. b5 b6 16. Bc4 bxa5 17. Ng5 Re7 18. Nd5 Nxd5 19. exd5 Qd6 20. Ne4 Qb6 21. d6 Re8 22. Ng5 Kg7 23. Bxf7 Rd8 24. Bd5 1-0

[Event "Wroclaw op"]
[Site "Wroclaw"]
[Date "2019.08.11"]
[Round "9"]
[White "Mitchell, Martin"]
[Black "Lugovskoy, Maxim"]
[Result "1/2-1/2"]
[WhiteElo "2218"]
[BlackElo "2418"]
[PlyCount "152"]
[EventDate "2019.08.05"]
[EventType "swiss"]
[EventRounds "9"]
[EventCountry "POL"]
[SourceTitle "CBM 191 Extra"]
[Source "ChessBase"]
[SourceDate "2019.09.30"]
[SourceVersion "1"]
[SourceVersionDate "2019.09.30"]
[SourceQuality "1"]

1. d4 e6 2. c4 d5 3. Nc3 Nf6 4. Nf3 c6 5. Bg5 Nbd7 6. cxd5 exd5 7. Qc2 Be7 8. e3 0-0 9. Bd3 Re8 10. h3 Nf8 11. Bf4 Ng6 12. Bh2 Bd6 13. Bxd6 Qxd6 14. 0-0-0 b5 15. Kb1 a5 16. g4 a4 17. g5 Nd7 18. h4 Nb6 19. h5 Nf8 20. Ne5 Nc4 21. Bxc4 bxc4 22. g6 fxg6 23. hxg6 h6 24. f4 Qf6 25. e4 a3 26. Ka1 Nxg6 27. Nxg6 Qxg6 28. f5 Qf6 29. exd5 Bxf5 30. Qf2 axb2+ 31. Kxb2 cxd5 32. Rhf1 Rf8 33. Ka1 Qd6 34. Qg2 Be4 35. Nxe4 dxe4 36. Rxf8+ Rxf8 37. Qxe4 Kh8 38. Qe5 Qxe5 39. dxe5 Re8 40. a4 Rxe5 41. Kb2 g5 42. Kc3 Kg7 43. Ra1 Ra5 44. Kb4 Ra8 45. a5 g4 46. Kxc4 h5 47. Kd5 Kg6 48. Ke4 Kg5 49. Ke3 Ra6 50. Kf2 h4 51. Ra4 Kh5 52. Ra1 Rf6+ 53. Kg1 Ra6 54. Kf2 Kg5 55. Ra4 Rc6 56. a6 Rc2+ 57. Kf1 Rc1+ 58. Kf2 g3+ 59. Kg2 Rc2+ 60. Kg1 h3 61. Ra5+ Kf4 62. Ra4+ Ke5 63. Ra1 Rc8 64. a7 Ra8 65. Ra5+ Kd4 66. Ra3 h2+ 67. Kg2 Rh8 68. Ra1 Ra8 69. Kxg3 Rxa7 70. Rd1+ Ke3 71. Re1+ Kd2 72. Rh1 Ke3 73. Re1+ Kd2 74. Rh1 Rg7+ 75. Kxh2 Ke2 76. Ra1 Kf2 1/2-1/2

[Event "Wroclaw op"]
[Site "Wroclaw"]
[Date "2019.08.08"]
[Round "6"]
[White "Mitchell, Martin"]
[Black "Kareva, Natalia"]
[Result "1-0"]
[WhiteElo "2218"]
[BlackElo "2135"]
[PlyCount "79"]
[EventDate "2019.08.05"]
[EventType "swiss"]
[EventRounds "9"]
[EventCountry "POL"]
[SourceTitle "CBM 191 Extra"]
[Source "ChessBase"]
[SourceDate "2019.09.30"]
[SourceVersion "1"]
[SourceVersionDate "2019.09.30"]
[SourceQuality "1"]

1. d4 e6 2. c4 b6 3. Nc3 Bb7 4. a3 f5 5. d5 Nf6 6. g3 a5 7. Bg2 Na6 8. Nh3 Be7 9. 0-0 Qc8 10. e4 fxe4 11. Ng5 Nc5 12. Be3 exd5 13. cxd5 0-0 14. Bxc5 Bxc5 15. Ncxe4 Qe8 16. Rc1 Qg6 17. Nxc5 bxc5 18. Nh3 d6 19. b4 axb4 20. axb4 Qf5 21. Nf4 g5 22. Bh3 g4 23. Bg2 Ba6 24. Re1 c4 25. Qd4 Rab8 26. Qa7 Qc8 27. Re7 Rf7 28. Rxf7 Kxf7 29. Qd4 Rxb4 30. Re1 Qf5 31. Qa7 Bb7 32. Qa5 Rb6 33. Rc1 Ba6 34. Ne6 Ne4 35. Bxe4 Qe5 36. Nxc7 Qd4 37. Nxa6 Rb2 38. Qc7+ Ke8 39. Qc8+ Kf7 40. Qe6+ 1-0

[Event "Wroclaw op"]
[Site "Wroclaw"]
[Date "2019.08.06"]
[Round "2"]
[White "Krawiec, Grzegorz"]
[Black "Mitchell, Martin"]
[Result "1/2-1/2"]
[WhiteElo "1816"]
[BlackElo "2218"]
[PlyCount "92"]
[EventDate "2019.08.05"]
[EventType "swiss"]
[EventRounds "9"]
[EventCountry "POL"]
[SourceTitle "CBM 191 Extra"]
[Source "ChessBase"]
[SourceDate "2019.09.30"]
[SourceVersion "1"]
[SourceVersionDate "2019.09.30"]
[SourceQuality "1"]

1. e4 d6 2. d4 Nf6 3. Nc3 g6 4. f4 Bg7 5. a3 0-0 6. Nf3 Na6 7. Be3 b6 8. b4 c5 9. Rb1 Ng4 10. Bg1 cxd4 11. Bxd4 e5 12. fxe5 dxe5 13. Bf2 Bb7 14. Bd3 f5 15. 0-0 Rc8 16. Nd5 fxe4 17. Bxe4 Nxf2 18. Rxf2 Rc4 19. Nf6+ Qxf6 20. Bxb7 Nc7 21. Bd5+ Nxd5 22. Qxd5+ Qf7 23. Rd1 Qxd5 24. Rxd5 e4 25. Ng5 Rxf2 26. Kxf2 Rxc2+ 27. Ke3 Bh6 28. Kxe4 Kf8 29. Nxh7+ Ke7 30. Ng5 Rxg2 31. Nf3 Re2+ 32. Kd4 Bg7+ 33. Kc4 Re3 34. Nd4 Bxd4 35. Rxd4 Rxa3 36. Kb5 Rh3 37. Kc6 Ke6 38. Rd6+ Kf5 39. Rd7 a5 40. b5 Rxh2 41. Kxb6 a4 42. Ra7 Ra2 43. Kc7 a3 44. b6 Rc2+ 45. Kd7 Rb2 46. Kc7 Rc2+ 1/2-1/2

[Event "BCF-chT2 1819 (4NCL) Promotion"]
[Site "England"]
[Date "2019.05.05"]
[Round "10.12"]
[White "McClement, Andrew"]
[Black "Mitchell, Martin"]
[Result "1/2-1/2"]
[WhiteElo "2241"]
[BlackElo "2227"]
[PlyCount "80"]
[EventDate "2018.11.10"]
[EventType "team-tourn"]
[EventRounds "11"]
[EventCountry "ENG"]
[SourceTitle "EXT 2021"]
[Source "ChessBase"]
[SourceDate "2020.10.23"]
[SourceVersion "1"]
[SourceVersionDate "2020.10.23"]
[SourceQuality "1"]
[WhiteTeam "Cambridge University"]
[BlackTeam "Spirit of Atticus"]
[WhiteTeamCountry "ENG"]
[BlackTeamCountry "ENG"]

1. Nf3 Nf6 2. c4 e6 3. g3 d5 4. d4 Be7 5. Bg2 0-0 6. 0-0 dxc4 7. Qa4 a6 8. Qxc4 b5 9. Qc2 Bb7 10. Bf4 Nd5 11. Nc3 Nxf4 12. gxf4 Qc8 13. Ne4 f5 14. Nc5 Bxc5 15. Qxc5 Nd7 16. Qa3 c5 17. Rfc1 c4 18. b3 Bd5 19. bxc4 bxc4 20. Rab1 Qc7 21. Ne5 Nxe5 22. Bxd5 exd5 23. fxe5 Qc6 24. Qe7 Rf7 25. Qg5 h6 26. Qh5 Raf8 27. Kh1 Rb7 28. Rxb7 Qxb7 29. Rg1 Qb6 30. e3 c3 31. Qg6 Qb7 32. Qxh6 c2 33. e4 f4 34. Qe6+ Rf7 35. exd5 Qc7 36. Qc6 Qa5 37. e6 Rc7 38. Qe8+ Kh7 39. Qh5+ Kg8 40. Qe8+ Kh7 1/2-1/2

[Event "BCF-chT2a 1819 (4NCL)"]
[Site "England"]
[Date "2019.02.10"]
[Round "6.13"]
[White "Baker, Chris W"]
[Black "Mitchell, Martin"]
[Result "0-1"]
[WhiteElo "2287"]
[BlackElo "2206"]
[PlyCount "78"]
[EventDate "2018.11.10"]
[EventType "team-tourn"]
[EventRounds "11"]
[EventCountry "ENG"]
[SourceTitle "EXT 2021"]
[Source "ChessBase"]
[SourceDate "2020.10.23"]
[SourceVersion "1"]
[SourceVersionDate "2020.10.23"]
[SourceQuality "1"]
[WhiteTeam "The ADS"]
[BlackTeam "Spirit of Atticus"]
[WhiteTeamCountry "ENG"]
[BlackTeamCountry "ENG"]

1. e4 d6 2. d4 Nf6 3. Nc3 g6 4. Nf3 Bg7 5. h3 0-0 6. Be3 a6 7. a4 Nc6 8. d5 Nb4 9. Bc4 Bd7 10. 0-0 b5 11. Bb3 c5 12. dxc6 Nxc6 13. axb5 axb5 14. Qe2 b4 15. Nd5 Rxa1 16. Rxa1 e6 17. Bb6 Qc8 18. Nxf6+ Bxf6 19. Ra2 Qb7 20. Be3 Ra8 21. Qd2 Rxa2 22. Bxa2 Qa6 23. Qxd6 Be8 24. Bxe6 Be7 25. Bxf7+ Bxf7 26. Qd7 Bf6 27. Qd6 Bxb2 28. Kh2 Qc8 29. Bc5 Bg7 30. Kg3 Bf8 31. Qxf8+ Qxf8 32. Bxf8 Kxf8 33. Kf4 Ke7 34. Ke3 Kd6 35. Ng5 Ba2 36. f4 Bb1 37. e5+ Ke7 38. Kd2 Nd4 39. c3 Nb3+ 0-1

[Event "BCF-chT2a 1819 (4NCL)"]
[Site "England"]
[Date "2019.01.13"]
[Round "4.11"]
[White "Mitchell, Martin"]
[Black "Lewis, Andrew P"]
[Result "0-1"]
[WhiteElo "2222"]
[BlackElo "2297"]
[PlyCount "112"]
[EventDate "2018.11.10"]
[EventType "team-tourn"]
[EventRounds "11"]
[EventCountry "ENG"]
[SourceTitle "EXT 2021"]
[Source "ChessBase"]
[SourceDate "2020.10.23"]
[SourceVersion "1"]
[SourceVersionDate "2020.10.23"]
[SourceQuality "1"]
[WhiteTeam "Spirit of Atticus"]
[BlackTeam "Anglian Avengers"]
[WhiteTeamCountry "ENG"]
[BlackTeamCountry "ENG"]

1. d4 Nf6 2. c4 g6 3. Nc3 Bg7 4. e4 d6 5. Be2 0-0 6. Be3 e5 7. d5 Na6 8. g4 Nc5 9. Bf3 a5 10. h4 Nfd7 11. h5 Nb6 12. Qe2 c6 13. 0-0-0 cxd5 14. cxd5 Nba4 15. Nxa4 Nxa4 16. Kb1 b6 17. Qd2 Nc5 18. Ne2 Ba6 19. Nc1 Bf6 20. Rh3 g5 21. Bxc5 bxc5 22. Be2 Bc8 23. Rg1 Bd7 24. Bc4 Qc8 25. Qd1 a4 26. Rc3 Bd8 27. f3 Ba5 28. Rc2 Qd8 29. Ne2 Qf6 30. Ng3 a3 31. b3 Qf4 32. Nf5 Bxf5 33. gxf5 f6 34. Qe2 Qh4 35. f4 exf4 36. Qf3 Kh8 37. Rh1 Qg3 38. Qxg3 fxg3 39. Rg1 Rae8 40. Bd3 Rg8 41. Rxg3 Kg7 42. Rg4 Be1 43. Rc4 Kh6 44. Be2 Bf2 45. Ra4 Ra8 46. Rxa8 Rxa8 47. Rg2 Bd4 48. Kc2 Rb8 49. Rg3 Be5 50. Rg2 Rb4 51. Bf3 c4 52. bxc4 Rb2+ 53. Kd3 g4 54. Rxg4 Rxa2 55. Rg1 Rb2 56. c5 a2 0-1

[Event "Jersey op"]
[Site "St Clement Bay"]
[Date "2018.04.06"]
[Round "8.4"]
[White "Mitchell, Martin"]
[Black "Williams, Simon Kim"]
[Result "0-1"]
[WhiteElo "2237"]
[BlackElo "2460"]
[PlyCount "64"]
[EventDate "2018.03.31"]
[EventType "swiss"]
[EventRounds "9"]
[EventCountry "GCI"]
[SourceTitle "CBM 183 Extra"]
[Source "ChessBase"]
[SourceDate "2018.04.19"]
[SourceVersion "1"]
[SourceVersionDate "2018.04.19"]
[SourceQuality "1"]

1. d4 e6 2. c4 b6 3. Nc3 Bb4 4. Qc2 Bb7 5. a3 Bxc3+ 6. Qxc3 Nf6 7. e3 0-0 8. Nh3 c5 9. dxc5 bxc5 10. f3 d5 11. cxd5 Nxd5 12. Qxc5 Nd7 13. Qd4 e5 14. Qd1 Qb6 15. Bc4 Nxe3 16. Bxe3 Qxe3+ 17. Qe2 Qb6 18. Nf2 e4 19. fxe4 Ne5 20. b3 Rae8 21. Bb5 Nc6 22. Bxc6 Bxc6 23. 0-0 Rxe4 24. Qh5 g6 25. Qh3 Re3 26. Qg4 Rxb3 27. Kh1 Rb2 28. Qh4 Re8 29. Qf4 Qb7 30. Rfd1 Bxg2+ 31. Kg1 Bh3 32. Qg5 h6 0-1